[Event "XXXIX Coppa A"]
[Site "Cagliari ITA"]
[Date "2014.09.28"]
[Round "7"]
[White "Sonis, Francesco"]
[Black "Ardu, Luigi"]
[WhiteElo "2074"]
[BlackElo "1810"]
[Result "1-0"]
[EventDate "2014.09.20"]

1. Nf3 d5 2. d4 c5 3. e3 cxd4 4. exd4 Nc6 5. Be2 Nf6 6. O-O e6 7. c4 Bd6 8. 
Nc3 O-O 9. Bg5 dxc4 10. Bxc4 Bb8 11. Ne4 Qc7 12. Nxf6+ gxf6 13. Bxf6 Qf4 14. 
Bg5 Qe4 15. Bd3 Qg4 16. Bf6 Qh5 17. h3 Bd6 18. Ng5 Qg6 19. Bxg6 fxg6 20. Be5 
Bxe5 21. dxe5 Nxe5 22. Re1 Rf5 23. Rxe5 Rxe5 24. Qd8+ Kg7 25. Qd4 Kf6 26. Nf3 
1-0

[Event "XXI Festival A"]
[Site "Campobasso ITA"]
[Date "2014.07.18"]
[Round "1"]
[White "Ambrosone, Antonio"]
[Black "Delfino, Luigi"]
[WhiteElo "1966"]
[BlackElo "2227"]
[Result "0-1"]
[PlyCount "70"]
[EventDate "2014.07.18"]

1. e4 c5 2. d4 cxd4 3. c3 dxc3 4. Nxc3 Nc6 5. Nf3 d6 6. Bc4 a6 7. O-O Nf6 8. a3
Bg4 9. Be3 e6 10. Bf4 Be7 11. Qd2 Bxf3 12. gxf3 Ne5 13. Be2 O-O 14. Rfd1 Qb8
15. Bg3 Rd8 16. f4 Nc6 17. Bf3 Qa7 18. Rac1 Nd7 19. Ne2 Nc5 20. Qe3 a5 21. f5
e5 22. Rd5 a4 23. Rcd1 Qb6 24. R1d2 Qb3 25. Nc3 Nd4 26. Bd1 Qb6 27. f4 Ncb3 28.
Rf2 f6 29. Rb5 Qc6 30. Bxb3+ axb3 31. Rd5 Rdc8 32. Qd3 Rxa3 33. bxa3 Qxc3 34.
Qxc3 Rxc3 35. Rb2 Rc1+ 0-1

[Event "XXI Festival A"]
[Site "Campobasso ITA"]
[Date "2014.07.18"]
[Round "1"]
[White "Colucci, Stefano"]
[Black "Esposito, Luca"]
[WhiteElo "1898"]
[BlackElo "2217"]
[Result "0-1"]
[PlyCount "51"]
[EventDate "2014.07.18"]

1. e4 d6 2. d4 Nf6 3. Nc3 g6 4. h3 Bg7 5. Nf3 O-O 6. Bc4 Nxe4 7. Bxf7+ Rxf7 8.
Nxe4 d5 9. Nc5 Nc6 10. Bg5 Qd6 11. Bh4 Nxd4 12. Nxd4 Qxc5 13. c3 e5 14. Nf3 Qc4
15. Qe2 Qxe2+ 16. Kxe2 Bd7 17. a4 c5 18. Rhd1 Bc6 19. Ng5 Rf6 20. Nxh7 Kxh7 21.
Bxf6 Bxf6 22. f3 e4 23. fxe4 Re8 24. Rf1 Rxe4+ 25. Kd3 Kg7 26. a5 0-1

[Event "XXI Festival A"]
[Site "Campobasso ITA"]
[Date "2014.07.18"]
[Round "1"]
[White "Coratella, Giuseppe"]
[Black "Santeramo, Alessia Carmen"]
[WhiteElo "2221"]
[BlackElo "1948"]
[Result "1-0"]
[PlyCount "99"]
[EventDate "2014.07.18"]

1. e4 c5 2. Nf3 e6 3. c4 a6 4. Nc3 Qc7 5. g3 b6 6. Bg2 Bb7 7. O-O d6 8. Nh4 Be7
9. f4 Bxh4 10. gxh4 Nf6 11. b3 Nc6 12. Bb2 Nd4 13. d3 h5 14. Ne2 e5 15. Ng3
O-O-O 16. Qd2 Kb8 17. Kh1 Qe7 18. Bxd4 exd4 19. Nf5 Qf8 20. e5 Ne8 21. Bxb7
Kxb7 22. Qg2+ Kc7 23. b4 g6 24. Ng3 Ng7 25. exd6+ Qxd6 26. f5 Rhf8 27. bxc5
bxc5 28. Rab1 Qc6 29. f6 Qxg2+ 30. Kxg2 Ne6 31. Kf3 Rb8 32. Ne4 Kc6 33. Rb3
Rxb3 34. axb3 Rb8 35. Ra1 Rb6 36. Ra5 Rxb3 37. Rxa6+ Rb6 38. Rxb6+ Kxb6 39. Nd6
Nd8 40. Ke4 Kc6 41. Ke5 Kd7 42. Kd5 Kc7 43. Ne4 Nc6 44. Nxc5 Nb4+ 45. Kxd4 Nc6+
46. Ke4 Kd6 47. d4 Na5 48. Kd3 Nc6 49. Ne4+ Kd7 50. Ng5 1-0

[Event "XXI Festival A"]
[Site "Campobasso ITA"]
[Date "2014.07.18"]
[Round "1"]
[White "Di Benedetto, Edoardo"]
[Black "Ferretti, Folco"]
[WhiteElo "2024"]
[BlackElo "2275"]
[Result "1/2-1/2"]
[PlyCount "68"]
[EventDate "2014.07.18"]

1. e4 d6 2. d4 Nf6 3. Nc3 e5 4. dxe5 dxe5 5. Qxd8+ Kxd8 6. Bg5 Be6 7. O-O-O+
Nbd7 8. Nd5 Kc8 9. Nxf6 gxf6 10. Be3 Nc5 11. f3 c6 12. Ne2 f5 13. exf5 Bxf5 14.
Ng3 Be6 15. Bg5 Nd7 16. Bd3 Kc7 17. Rhe1 f6 18. Be3 Rd8 19. a3 Nb6 20. Bf5
Rxd1+ 21. Rxd1 Bxf5 22. Nxf5 Nd5 23. Bf2 Ne7 24. Nxe7 Bxe7 25. Be3 h5 26. g3 f5
27. Re1 Bd6 28. Bd2 h4 29. Bc3 hxg3 30. hxg3 Re8 31. g4 fxg4 32. fxg4 e4 33.
Kd1 Bc5 34. Ke2 Kb6 1/2-1/2

[Event "XXI Festival A"]
[Site "Campobasso ITA"]
[Date "2014.07.18"]
[Round "1"]
[White "Grasso, Nino"]
[Black "Mrdja, Milan"]
[WhiteElo "2049"]
[BlackElo "2376"]
[Result "0-1"]
[PlyCount "82"]
[EventDate "2014.07.18"]

1. e4 g6 2. d4 Bg7 3. Nc3 c6 4. Be3 d5 5. Qd2 h5 6. Nf3 Nh6 7. O-O-O Bg4 8. Be2
dxe4 9. Nxe4 Nf5 10. Kb1 Nd7 11. h3 Bxf3 12. Bxf3 Nxe3 13. Qxe3 O-O 14. g4 h4
15. g5 Qa5 16. Rd3 Rfd8 17. Rhd1 Qc7 18. Bg4 Nb6 19. f3 Nc4 20. Qe1 b5 21. b3
Nb6 22. Qxh4 Nd5 23. Qe1 a5 24. a3 b4 25. a4 Nf4 26. R3d2 f5 27. gxf6 exf6 28.
Nc5 f5 29. Ne6 Nxe6 30. Qxe6+ Qf7 31. Bxf5 gxf5 32. Qxc6 Rac8 33. Qa6 Ra8 34.
Qd3 Rxd4 35. Qb5 Rxd2 36. Rxd2 Re8 37. Re2 Rd8 38. Re1 Kh7 39. Qxa5 Qf6 40. c3
bxc3 41. Re6 Rd1+ 0-1

[Event "XXI Festival A"]
[Site "Campobasso ITA"]
[Date "2014.07.18"]
[Round "1"]
[White "Laketic, Gojko"]
[Black "Carnicelli, Valerio"]
[WhiteElo "2417"]
[BlackElo "2137"]
[Result "1/2-1/2"]
[PlyCount "54"]
[EventDate "2014.07.18"]

1. d4 d5 2. c4 c6 3. Nf3 Nf6 4. e3 e6 5. Nc3 Nbd7 6. Qc2 Bd6 7. e4 e5 8. cxd5
cxd5 9. exd5 O-O 10. Be2 Qc7 11. Qb3 e4 12. Nd2 e3 13. fxe3 Bxh2 14. Nf1 Bg3+
15. Kd1 Nb6 16. Bf3 Ng4 17. Ke2 Bf5 18. Rh5 g6 19. Nb5 Qb8 20. Rh3 Bd6 21. Nxd6
Qxd6 22. Ng3 Nxe3 23. Bxe3 Bxh3 24. Ne4 Qh2 25. Bg1 Qf4 26. Be3 Qh2 27. Bg1 Qf4
1/2-1/2

[Event "XXI Festival A"]
[Site "Campobasso ITA"]
[Date "2014.07.18"]
[Round "1"]
[White "Ljubisavljevic, Zivojin Z."]
[Black "Lazic, Miroljub"]
[WhiteElo "2132"]
[BlackElo "2466"]
[Result "0-1"]
[PlyCount "48"]
[EventDate "2014.07.18"]

1. e4 e5 2. Nf3 d6 3. Bc4 Nf6 4. d4 exd4 5. Qxd4 Nc6 6. Qe3 Be7 7. Nc3 O-O 8.
Bd2 Be6 9. Bxe6 fxe6 10. O-O-O Nd7 11. Qe2 Bf6 12. h4 Qe7 13. Rh3 a6 14. g4 b5
15. g5 Bxc3 16. Bxc3 e5 17. Rg3 Nc5 18. Nh2 Qf7 19. Ng4 Qf4+ 20. Bd2 Nd4 21.
Qe3 Qxe4 22. Qxe4 Nxe4 23. Rg2 Nxd2 24. Kxd2 Nf3+ 0-1

[Event "XXI Festival A"]
[Site "Campobasso ITA"]
[Date "2014.07.18"]
[Round "1"]
[White "Rossi, Aldo A."]
[Black "Petruccioli, Antonio"]
[WhiteElo "2262"]
[BlackElo "2011"]
[Result "1-0"]
[PlyCount "120"]
[EventDate "2014.07.18"]

1. d4 c5 2. d5 Nf6 3. Nc3 g6 4. e4 d6 5. Nf3 Bg7 6. Bb5+ Nbd7 7. a4 O-O 8. O-O
a6 9. Be2 Ne8 10. Nd2 Rb8 11. Nc4 Qc7 12. a5 b5 13. axb6 Nxb6 14. Na5 Ra8 15.
Re1 e5 16. Be3 f5 17. f3 f4 18. Bf2 g5 19. Bc4 h5 20. Qd3 Bf6 21. Kf1 g4 22.
Ke2 h4 23. Rg1 g3 24. hxg3 hxg3 25. Be1 Nxc4 26. Qxc4 Rf7 27. Qa4 Bd7 28. Nc6
Qb6 29. Qc4 Nc7 30. Na4 Qb7 31. Ba5 Qb5 32. Qxb5 Nxb5 33. Nb6 Bxc6 34. dxc6 Re8
35. c3 Na7 36. Rgd1 Re6 37. Nc4 Nxc6 38. Rxd6 Rxd6 39. Nxd6 Rh7 40. Bb6 Rh2 41.
Rg1 Be7 42. Bxc5 Bxd6 43. Bxd6 Kf7 44. b4 Ke6 45. Bc5 Ne7 46. Bxe7 Kxe7 47. Kd3
Kd6 48. c4 Kc6 49. Kc3 Kb6 50. Kb3 Kc6 51. Ka4 Kb6 52. c5+ Kc6 53. Ka5 Rh8 54.
Rd1 Rb8 55. Rd6+ Kc7 56. Rd5 Re8 57. Ka4 Rh8 58. Ka5 Rh1 59. Kxa6 Ra1+ 60. Kb5
Ra2 1-0

[Event "XXI Festival A"]
[Site "Campobasso ITA"]
[Date "2014.07.18"]
[Round "1"]
[White "Vuelban, Virgilio"]
[Black "Gambardella, Piero"]
[WhiteElo "2313"]
[BlackElo "2027"]
[Result "1-0"]
[PlyCount "79"]
[EventDate "2014.07.18"]

1. e4 e6 2. d4 d5 3. Nc3 Bb4 4. e5 c5 5. a3 Bxc3+ 6. bxc3 Ne7 7. Qg4 cxd4 8.
Qxg7 Rg8 9. Qxh7 Nbc6 10. cxd4 Nxd4 11. Qd3 Qb6 12. Be3 Nef5 13. O-O-O Nxe3 14.
Qxe3 Nc6 15. Nf3 Bd7 16. Qxb6 axb6 17. Kb2 b5 18. g3 Na5 19. Nd4 Nc4+ 20. Bxc4
bxc4 21. Ra1 Ke7 22. f4 f6 23. exf6+ Kxf6 24. Rhe1 Ra6 25. Re3 Rga8 26. g4 c3+
27. Rxc3 Ra4 28. Rd1 b5 29. Rb3 b4 30. axb4 Ra2+ 31. Kc1 Ra1+ 32. Kd2 Rxd1+ 33.
Kxd1 e5 34. g5+ Kg6 35. fxe5 Ra1+ 36. Kd2 Rh1 37. e6 Rxh2+ 38. Kc1 Ba4 39. Rg3
Rh4 40. c3 1-0

[Event "XXI Festival A"]
[Site "Campobasso ITA"]
[Date "2014.07.18"]
[Round "2"]
[White "Carnicelli, Valerio"]
[Black "Di Benedetto, Edoardo"]
[WhiteElo "2137"]
[BlackElo "2024"]
[Result "1/2-1/2"]
[PlyCount "101"]
[EventDate "2014.07.18"]

1. e4 e6 2. d4 d5 3. Nc3 Nf6 4. Bg5 Be7 5. e5 Nfd7 6. h4 a6 7. Qg4 Bxg5 8. hxg5
c5 9. dxc5 Nc6 10. O-O-O Ncxe5 11. Qg3 Ng6 12. Bd3 Nxc5 13. Bxg6 fxg6 14. Nf3
Bd7 15. Ne5 Qc7 16. Nxg6 Qxg3 17. fxg3 Rg8 18. Rxh7 Kf7 19. Ne5+ Ke7 20. b4 Na4
21. Ne4 Bb5 22. Nf6 Nc3 23. Nxg8+ Rxg8 24. Re1 Nxa2+ 25. Kd2 Nxb4 26. c3 Nc6
27. Ng6+ Kd6 28. Nf4 Ne5 29. g6 Be8 30. Nxe6 Bxg6 31. Rxg7 Re8 32. Rxe5 Kxe5
33. Nc7 Rc8 34. Nxa6 bxa6 35. Rxg6 a5 36. Rg5+ Ke6 37. Rg4 Ra8 38. Ra4 Ke5 39.
Kd3 Ra7 40. g4 Rg7 41. Kd2 Rg8 42. Ke3 Rc8 43. Kd3 Rg8 44. g3 Rg7 45. Kd2 Rg8
46. Kd3 Rg7 47. Rf4 Rg8 48. Ke3 Rc8 49. Rf5+ Ke6 50. Kd3 Rg8 51. Rf4 1/2-1/2

[Event "XXI Festival A"]
[Site "Campobasso ITA"]
[Date "2014.07.18"]
[Round "2"]
[White "Delfino, Luigi"]
[Black "Vuelban, Virgilio"]
[WhiteElo "2227"]
[BlackElo "2313"]
[Result "1/2-1/2"]
[PlyCount "58"]
[EventDate "2014.07.18"]

1. e4 c5 2. Nf3 d6 3. d4 cxd4 4. Nxd4 Nf6 5. f3 e6 6. c4 a6 7. Nc3 Qc7 8. Be2
Be7 9. Be3 Nbd7 10. O-O b6 11. a4 Bb7 12. Qd2 O-O 13. Rfc1 Rac8 14. a5 Rfe8 15.
axb6 Nxb6 16. Nb3 Nxc4 17. Bxc4 Qxc4 18. Na5 Qc7 19. Nd5 Qb8 20. Rxc8 Qxc8 21.
Nxe7+ Rxe7 22. Qxd6 Rd7 23. Qb6 h6 24. Nxb7 Qxb7 25. Qxb7 Rxb7 26. Bd4 Rb4 27.
Rd1 Nd7 28. Bc3 Rb7 29. Rd6 Nc5 1/2-1/2

[Event "XXI Festival A"]
[Site "Campobasso ITA"]
[Date "2014.07.18"]
[Round "2"]
[White "Esposito, Luca"]
[Black "Laketic, Gojko"]
[WhiteElo "2217"]
[BlackElo "2417"]
[Result "1/2-1/2"]
[PlyCount "33"]
[EventDate "2014.07.18"]

1. Nf3 d5 2. c4 c6 3. e3 Nf6 4. Nc3 e6 5. Qc2 Nbd7 6. b3 Bd6 7. Bb2 O-O 8. Be2
a6 9. d4 b5 10. O-O Rb8 11. e4 Nxe4 12. Nxe4 dxe4 13. Qxe4 bxc4 14. Bxc4 Nf6
15. Qc2 Qb6 16. Ne5 Be7 17. Rac1 1/2-1/2

[Event "XXI Festival A"]
[Site "Campobasso ITA"]
[Date "2014.07.18"]
[Round "2"]
[White "Ferretti, Folco"]
[Black "Ljubisavljevic, Zivojin Z."]
[WhiteElo "2275"]
[BlackElo "2132"]
[Result "1/2-1/2"]
[PlyCount "87"]
[EventDate "2014.07.18"]

1. e4 e6 2. d4 d5 3. Nd2 dxe4 4. Nxe4 Be7 5. Nf3 Nf6 6. Nxf6+ gxf6 7. Bd3 h5 8.
Bf4 c5 9. dxc5 Bxc5 10. Qe2 Nc6 11. O-O-O Qe7 12. Be4 Bd7 13. Qb5 O-O-O 14.
Rxd7 Qxd7 15. Qxc5 e5 16. Be3 Kb8 17. Nd2 Nd4 18. Bxd4 Qxd4 19. Qxd4 Rxd4 20.
c3 Ra4 21. Bd5 h4 22. Bxf7 Rg4 23. Bd5 f5 24. g3 e4 25. Nf1 hxg3 26. Nxg3 Rf4
27. Be6 Rxf2 28. Bxf5 e3 29. Bd3 Rd8 30. Be2 Rd2 31. Rd1 Rfxe2 32. Nxe2 Rxe2
33. h4 Rh2 34. Re1 Rxh4 35. Rxe3 Rh2 36. Re7 a6 37. a3 Ka7 38. Kb1 a5 39. Ka2
Ka6 40. a4 Rg2 41. Kb3 b6 42. Re5 Rh2 43. Rb5 Rh4 44. c4 1/2-1/2

[Event "XXI Festival A"]
[Site "Campobasso ITA"]
[Date "2014.07.18"]
[Round "2"]
[White "Gambardella, Piero"]
[Black "Ambrosone, Antonio"]
[WhiteElo "1966"]
[BlackElo "2027"]
[Result "1-0"]
[PlyCount "43"]
[EventDate "2014.07.18"]

1. d4 Nf6 2. c4 g6 3. Nc3 Bg7 4. e4 d6 5. f3 Nbd7 6. Nge2 c5 7. Be3 a6 8. Qd2
Qa5 9. Nc1 Rb8 10. Nb3 Qc7 11. Rc1 O-O 12. h4 e6 13. h5 cxd4 14. Nxd4 Ne5 15.
Bh6 Qe7 16. Bxg7 Kxg7 17. Nce2 Bd7 18. Ng3 d5 19. cxd5 exd5 20. hxg6 fxg6 21.
Rc7 Rfc8 22. Ngf5+ 1-0

[Event "XXI Festival A"]
[Site "Campobasso ITA"]
[Date "2014.07.18"]
[Round "2"]
[White "Lazic, Miroljub"]
[Black "Rossi, Aldo A."]
[WhiteElo "2466"]
[BlackElo "2262"]
[Result "1/2-1/2"]
[PlyCount "115"]
[EventDate "2014.07.18"]

1. g3 c5 2. c4 Nc6 3. Bg2 g6 4. Nc3 Bg7 5. e3 e5 6. a3 Nge7 7. Rb1 a5 8. d3 d6
9. Nge2 Be6 10. Nd5 Rb8 11. Nec3 O-O 12. O-O Bf5 13. b4 axb4 14. axb4 Nxd5 15.
Nxd5 cxb4 16. Nxb4 Nxb4 17. Rxb4 b5 18. Rxb5 Rxb5 19. cxb5 Bd7 20. Qb3 Qb6 21.
Ba3 Qxb5 22. Qd5 Qxd5 23. Bxd5 Rd8 24. Rb1 Bf8 25. Rb7 Be8 26. Bb4 Kg7 27. Kg2
Kf6 28. f4 Kg7 29. Kf3 Kg8 30. e4 Bg7 31. f5 Bf6 32. h4 Kf8 33. Kg2 Be7 34. Kh3
h5 35. Kg2 Rc8 36. Ra7 gxf5 37. exf5 Bc6 38. Bxc6 Rxc6 39. Rb7 Rc8 40. Kf3 Rc2
41. Rd7 Ke8 42. Rb7 Kf8 43. f6 Bxf6 44. Bxd6+ Kg7 45. Rb5 Rd2 46. Rd5 Kg6 47.
Bc5 Ra2 48. Be3 Ra3 49. Rd7 Ra4 50. Rc7 Ra3 51. Ke4 Ra4+ 52. Rc4 Ra6 53. Rc7
Ra4+ 54. Kf3 Ra3 55. Rd7 Ra8 56. Ba7 Rd8 57. Rxd8 Bxd8 58. Ke4 1/2-1/2

[Event "XXI Festival A"]
[Site "Campobasso ITA"]
[Date "2014.07.18"]
[Round "2"]
[White "Mrdja, Milan"]
[Black "Coratella, Giuseppe"]
[WhiteElo "2376"]
[BlackElo "2221"]
[Result "1-0"]
[PlyCount "66"]
[EventDate "2014.07.18"]

1. e4 e6 2. Qe2 c5 3. Nf3 Nc6 4. g3 g6 5. Bg2 Bg7 6. O-O Nge7 7. d3 d5 8. e5 h6
9. h4 Rb8 10. Re1 Nf5 11. c3 b5 12. Bf4 a5 13. Nbd2 a4 14. Bh3 b4 15. c4 Nfd4
16. Qd1 Nxf3+ 17. Nxf3 dxc4 18. Qxa4 Bd7 19. Qd1 cxd3 20. Qxd3 Ne7 21. Qc2 Rc8
22. Red1 Qa5 23. Nd2 Qa7 24. Ne4 Kf8 25. Be3 Bxe5 26. Bxc5 Qc7 27. Qb3 Bc6 28.
Nd6 Bxd6 29. Bxd6 Qb7 30. Bxb4 Kg7 31. Bc3+ Kh7 32. Bxh8 Rxh8 33. Rac1 Bd5 1-0

[Event "XXI Festival A"]
[Site "Campobasso ITA"]
[Date "2014.07.18"]
[Round "2"]
[White "Petruccioli, Antonio"]
[Black "Colucci, Stefano"]
[WhiteElo "2011"]
[BlackElo "1898"]
[Result "1-0"]
[PlyCount "59"]
[EventDate "2014.07.18"]

1. e4 e6 2. Qe2 e5 3. f4 Nc6 4. fxe5 Nd4 5. Qd3 Bc5 6. c3 Nc6 7. Nf3 d6 8. b4
Bb6 9. exd6 Nf6 10. b5 cxd6 11. bxc6 Ng4 12. Nd4 Qf6 13. Qf3 Bxd4 14. cxd4 Qxd4
15. cxb7 Bxb7 16. Bb5+ Kf8 17. Nc3 h5 18. h3 Nf6 19. Qd3 Qe5 20. Ba3 Nxe4 21.
O-O Nc5 22. Qe3 Ne4 23. Rae1 Kg8 24. d4 Qg5 25. Qxg5 Nxg5 26. Re7 Rc8 27. Rc1
Ba8 28. Rxa7 Rh6 29. Ne2 Rg6 30. Rxc8+ 1-0

[Event "XXI Festival A"]
[Site "Campobasso ITA"]
[Date "2014.07.18"]
[Round "2"]
[White "Santeramo, Alessia Carmen"]
[Black "Grasso, Nino"]
[WhiteElo "1948"]
[BlackElo "2049"]
[Result "1-0"]
[PlyCount "83"]
[EventDate "2014.07.18"]

1. e4 e5 2. Nf3 Nc6 3. Bb5 a6 4. Ba4 Nf6 5. O-O Be7 6. Re1 b5 7. Bb3 O-O 8. d4
d6 9. c3 Bg4 10. d5 Na5 11. Bc2 Qd7 12. h3 Bh5 13. Nbd2 c6 14. Nf1 h6 15. Ng3
Bg6 16. Nh4 Bh7 17. Nhf5 Rfe8 18. a4 Bf8 19. dxc6 Qxc6 20. Qf3 Nb7 21. Nxh6+
gxh6 22. Qxf6 Re6 23. Qf3 Nc5 24. axb5 Qxb5 25. b4 Nd7 26. Bb3 Rf6 27. Qg4+ Kh8
28. Ba4 Qb6 29. Be3 Nc5 30. bxc5 dxc5 31. Nf5 Rg6 32. Qf3 Qe6 33. Red1 Rf6 34.
Rab1 Be7 35. Bb3 c4 36. Ba4 Rg8 37. Bd7 Rxf5 38. exf5 Qf6 39. Rb6 e4 40. Qxe4
Qg7 41. Bxh6 Qxc3 42. Qxe7 1-0

[Event "XXI Festival A"]
[Site "Campobasso ITA"]
[Date "2014.07.19"]
[Round "3"]
[White "Colucci, Stefano"]
[Black "Ambrosone, Antonio"]
[WhiteElo "1898"]
[BlackElo "1966"]
[Result "1/2-1/2"]
[PlyCount "66"]
[EventDate "2014.07.18"]

1. e4 Nf6 2. e5 Nd5 3. d4 d6 4. c4 Nb6 5. exd6 exd6 6. Nc3 Nc6 7. Be3 Be7 8.
Nf3 Bg4 9. b3 O-O 10. Be2 Re8 11. O-O Bf6 12. Qd2 h6 13. Rad1 d5 14. c5 Nc8 15.
Rfe1 N8e7 16. h3 Bf5 17. Nh2 Be6 18. Ng4 Nf5 19. Nxf6+ Qxf6 20. Bb5 Nh4 21. Kh2
Qg6 22. Bf1 Re7 23. Ne2 Nf5 24. Bf4 Qf6 25. b4 a6 26. a4 g5 27. Bg3 Nxg3 28.
Nxg3 Rae8 29. Nh5 Qg6 30. g4 f5 31. f3 Qf7 32. Re3 f4 33. Ree1 Bd7 1/2-1/2

[Event "XXI Festival A"]
[Site "Campobasso ITA"]
[Date "2014.07.19"]
[Round "3"]
[White "Coratella, Giuseppe"]
[Black "Petruccioli, Antonio"]
[WhiteElo "2221"]
[BlackElo "2011"]
[Result "1-0"]
[PlyCount "67"]
[EventDate "2014.07.18"]

1. e4 d6 2. d4 g6 3. Nc3 Bg7 4. Be3 a6 5. Qd2 b5 6. f3 h5 7. h4 Nd7 8. Nh3 e5
9. Nf2 b4 10. Ne2 Rb8 11. O-O-O a5 12. Kb1 Ba6 13. d5 Nb6 14. b3 f5 15. Bg5 Nf6
16. g4 fxg4 17. fxg4 hxg4 18. Ng3 Bxf1 19. Rdxf1 Qd7 20. Bxf6 Bxf6 21. h5 Kf7
22. Qd1 Kg7 23. hxg6 Kxg6 24. Nf5 Rxh1 25. Qxg4+ Bg5 26. Rxh1 Rg8 27. Rh6+ Kf7
28. Rh7+ Ke8 29. Rxd7 Nxd7 30. Nxd6+ cxd6 31. Qe6+ Kf8 32. Qxd7 Be3 33. Qxd6+
Kf7 34. Ng4 1-0

[Event "XXI Festival A"]
[Site "Campobasso ITA"]
[Date "2014.07.19"]
[Round "3"]
[White "Delfino, Luigi"]
[Black "Lazic, Miroljub"]
[WhiteElo "2227"]
[BlackElo "2466"]
[Result "1/2-1/2"]
[PlyCount "82"]
[EventDate "2014.07.18"]

1. e4 e5 2. Nf3 Nc6 3. Bc4 Bc5 4. c3 Nf6 5. d3 a6 6. Bb3 d6 7. h3 Ba7 8. Nbd2
O-O 9. Nf1 Be6 10. Bg5 Qe7 11. Ng3 h6 12. Be3 Bxe3 13. fxe3 d5 14. exd5 Bxd5
15. e4 Bxb3 16. Qxb3 Qc5 17. O-O-O b5 18. Kb1 Rad8 19. Nf5 b4 20. cxb4 Qb5 21.
a3 a5 22. Qc3 Rfe8 23. Rc1 Ne7 24. Nxe7+ Rxe7 25. Rhd1 axb4 26. Qxb4 Qe8 27.
Rc5 Nh5 28. Qc3 Nf4 29. Nxe5 Ne2 30. Qe1 Nd4 31. Nf3 Ne6 32. Rc3 c5 33. Nd2 Rb7
34. Nc4 Qd7 35. Ne3 Rdb8 36. Rd2 Nd4 37. Qg3 Qa4 38. Nf5 Rxb2+ 39. Rxb2 Qd1+
40. Ka2 Rxb2+ 41. Kxb2 Qd2+ 1/2-1/2

[Event "XXI Festival A"]
[Site "Campobasso ITA"]
[Date "2014.07.18"]
[Round "3"]
[White "Di Benedetto, Edoardo"]
[Black "Laketic, Gojko"]
[WhiteElo "2024"]
[BlackElo "2417"]
[Result "1/2-1/2"]
[PlyCount "114"]
[EventDate "2014.07.18"]

1. e4 d6 2. d4 Nf6 3. Nc3 e5 4. dxe5 dxe5 5. Qxd8+ Kxd8 6. Bg5 c6 7. O-O-O+ Ke8
8. f3 Be7 9. Bc4 Nfd7 10. Bxe7 Kxe7 11. a3 a6 12. Nge2 b5 13. Ba2 Nb6 14. Ng3
g6 15. Nf1 N8d7 16. Ne3 Nc5 17. Rd2 Ra7 18. Rhd1 Rd7 19. Rxd7+ Bxd7 20. Ne2 a5
21. c3 Nb7 22. Kc2 Ra8 23. Nc1 Nc5 24. Nb3 Nxb3 25. Bxb3 Bc8 26. Rd2 Nd7 27.
Rd1 Nc5 28. Ba2 Ra7 29. Rd2 h6 30. Rd1 f5 31. exf5 gxf5 32. g3 Bd7 33. Ng2 Rc7
34. Nh4 Nb7 35. Kc1 Kf6 36. Rd2 Bc8 37. Rd1 Rd7 38. Rxd7 Bxd7 39. Bb1 Nd6 40.
Bd3 Be6 41. Kd2 Bc4 42. Bb1 Bd5 43. Bd3 a4 44. Ke3 Kg5 45. Ng2 Bxf3 46. Kxf3
e4+ 47. Bxe4 fxe4+ 48. Ke3 c5 49. h3 Kf5 50. Ke2 Ke5 51. Ne3 h5 52. Kf2 Nf7 53.
Kg1 Ng5 54. Kg2 Nf3 55. Kf2 Ng5 56. Kg2 Nf3 57. Kf2 Ng5 1/2-1/2

[Event "XXI Festival A"]
[Site "Campobasso ITA"]
[Date "2014.07.19"]
[Round "3"]
[White "Ferretti, Folco"]
[Black "Carnicelli, Valerio"]
[WhiteElo "2275"]
[BlackElo "2137"]
[Result "1/2-1/2"]
[PlyCount "101"]
[EventDate "2014.07.18"]

1. e4 e5 2. Bc4 Nc6 3. Nc3 Nf6 4. d3 Bc5 5. f4 d6 6. Nf3 Bg4 7. Na4 O-O 8. Nxc5
dxc5 9. O-O Qd6 10. h3 Bxf3 11. Qxf3 b5 12. Bb3 c4 13. dxc4 bxc4 14. Ba4 Nd4
15. Qd1 Nxe4 16. fxe5 Qxe5 17. Bf4 Qc5 18. Be3 Ng3 19. Bxd4 Qxd4+ 20. Qxd4 Ne2+
21. Kh1 Nxd4 22. Rf4 Rad8 23. Re1 Rd6 24. Re7 Ne6 25. Rxc4 Rfd8 26. Re8+ Rxe8
27. Bxe8 Kf8 28. Bc6 Ke7 29. Kg1 f5 30. Kf2 g5 31. Bf3 Rd4 32. Rc3 Kf6 33. Ke3
c5 34. Ra3 Rd7 35. c3 Nf4 36. Ra6+ Ke5 37. Rc6 Rd3+ 38. Kf2 Ne6 39. Ke1 Rd6 40.
Rxd6 Kxd6 41. Kd2 Ke5 42. Kd3 h5 43. Kc4 g4 44. hxg4 fxg4 45. Bb7 h4 46. b4
cxb4 47. Kxb4 Ng5 48. c4 Ne4 49. c5 h3 50. gxh3 gxh3 51. Bxe4 1/2-1/2

[Event "XXI Festival A"]
[Site "Campobasso ITA"]
[Date "2014.07.19"]
[Round "3"]
[White "Grasso, Nino"]
[Black "Ljubisavljevic, Zivojin Z."]
[WhiteElo "2049"]
[BlackElo "2132"]
[Result "0-1"]
[PlyCount "106"]
[EventDate "2014.07.18"]

1. e4 b6 2. d4 Bb7 3. Nc3 e6 4. Bd3 Bb4 5. Nf3 Nf6 6. Qe2 d5 7. e5 Ne4 8. Bd2
Nxd2 9. Qxd2 Be7 10. Ne2 c5 11. c3 Ba6 12. O-O Bxd3 13. Qxd3 Nc6 14. Nd2 O-O
15. f4 f5 16. Qh3 Qe8 17. Kh1 cxd4 18. cxd4 Qg6 19. Rac1 Rac8 20. a3 Na5 21.
Qd3 Qe8 22. b4 Nc6 23. Rc3 Qd7 24. Rfc1 Nb8 25. Qc2 Rxc3 26. Qxc3 Qb5 27. Ng1
a5 28. Qc7 Re8 29. Ngf3 axb4 30. axb4 h6 31. h3 Bxb4 32. Rb1 Qc6 33. Qa7 Bxd2
34. Nxd2 Qc2 35. Rxb6 Qxd2 36. Rxb8 Qc1+ 37. Kh2 Qxf4+ 38. Kg1 Rxb8 39. Qxb8+
Kh7 40. Qb6 Qc1+ 41. Kh2 Qc8 42. Qc5 Qe8 43. Qd6 f4 44. Kg1 Qg6 45. Kh1 Qf5 46.
Qb6 f3 47. Kg1 Qg6 48. g4 h5 49. Kf2 hxg4 50. hxg4 Qxg4 51. Qb1+ g6 52. Qh1+
Kg7 53. Qxf3 Qxd4+ 0-1

[Event "XXI Festival A"]
[Site "Campobasso ITA"]
[Date "2014.07.19"]
[Round "3"]
[White "Rossi, Aldo A."]
[Black "Esposito, Luca"]
[WhiteElo "2262"]
[BlackElo "2217"]
[Result "1/2-1/2"]
[PlyCount "40"]
[EventDate "2014.07.18"]

1. d4 Nf6 2. Nf3 d5 3. e3 g6 4. c4 Bg7 5. Nc3 O-O 6. Bd2 b6 7. Qb3 Bb7 8. c5
Nbd7 9. Rc1 c6 10. Be2 Qb8 11. Na4 Ne4 12. cxb6 Nxd2 13. Nxd2 axb6 14. O-O e5
15. Nf3 Qa7 16. Nc3 exd4 17. exd4 c5 18. a3 cxd4 19. Nb5 Qb8 20. Nbxd4 Qd6
1/2-1/2

[Event "XXI Festival A"]
[Site "Campobasso ITA"]
[Date "2014.07.19"]
[Round "3"]
[White "Santeramo, Alessia Carmen"]
[Black "Gambardella, Piero"]
[WhiteElo "1948"]
[BlackElo "2027"]
[Result "1-0"]
[PlyCount "39"]
[EventDate "2014.07.18"]

1. e4 e6 2. d4 d5 3. Nc3 Bb4 4. e5 c5 5. a3 Bxc3+ 6. bxc3 Ne7 7. Nf3 Nbc6 8.
Bb5 Qa5 9. a4 Bd7 10. O-O Nxe5 11. Nxe5 Bxb5 12. axb5 Qxa1 13. Qf3 f6 14. Bh6
Qa4 15. Bxg7 fxe5 16. Bxh8 Qxc2 17. Bxe5 cxd4 18. cxd4 Kd7 19. Qa3 Rg8 20. Rc1
1-0

[Event "XXI Festival A"]
[Site "Campobasso ITA"]
[Date "2014.07.19"]
[Round "3"]
[White "Vuelban, Virgilio"]
[Black "Mrdja, Milan"]
[WhiteElo "2313"]
[BlackElo "2376"]
[Result "1/2-1/2"]
[PlyCount "38"]
[EventDate "2014.07.18"]

1. e4 g6 2. d4 Bg7 3. Nc3 c6 4. Nf3 d5 5. h3 dxe4 6. Nxe4 Nd7 7. c3 Ngf6 8. Bd3
Nxe4 9. Bxe4 O-O 10. O-O e5 11. dxe5 Nxe5 12. Nxe5 Bxe5 13. Bh6 Re8 14. Qxd8
Rxd8 15. Rfd1 Be6 16. Rxd8+ Rxd8 17. Bc2 f6 18. Be3 Bc7 19. a3 a6 1/2-1/2

[Event "XXI Festival A"]
[Site "Campobasso ITA"]
[Date "2014.07.19"]
[Round "4"]
[White "Ambrosone, Antonio"]
[Black "Di Benedetto, Edoardo"]
[WhiteElo "1966"]
[BlackElo "2024"]
[Result "1/2-1/2"]
[PlyCount "79"]
[EventDate "2014.07.18"]

1. e4 e6 2. d4 d5 3. Nc3 Nf6 4. Bg5 Be7 5. e5 Nfd7 6. Bxe7 Qxe7 7. Nf3 a6 8.
Bd3 c5 9. dxc5 Nc6 10. Qe2 Nxc5 11. O-O O-O 12. Rae1 b5 13. Qe3 Nxd3 14. cxd3
Qb4 15. Qe2 Qg4 16. h3 Qf5 17. d4 Bd7 18. Qd2 Ne7 19. Ne2 Rfc8 20. Rc1 f6 21.
Ng3 Qg6 22. Kh2 Nc6 23. Nh4 Qf7 24. f4 Qe7 25. Nf3 Be8 26. Rc5 Nxd4 27. Rxc8
Nxf3+ 28. Rxf3 Rxc8 29. exf6 Qxf6 30. f5 Bf7 31. fxe6 Qxe6 32. Nf5 Bg6 33. Qxd5
Qxd5 34. Ne7+ Kh8 35. Nxd5 Be4 36. Rc3 Rxc3 37. Nxc3 Bc6 38. a3 a5 39. b4 axb4
40. axb4 1/2-1/2